| 000 | 01067nam a22003257a 4500 | ||
|---|---|---|---|
| 003 | CHAP | ||
| 005 | 20220329134641.0 | ||
| 008 | 971013s1968 mx a r 00010 spa d | ||
| 010 | _a23622 | ||
| 011 | _a24594 | ||
| 035 | _a28693 | ||
| 040 | _cCHAP | ||
| 082 | 0 | 4 |
_a628.13 _bC6 |
| 110 | 2 |
_aComisión Hidrológica de la Cuenca del Valle de México _925733 |
|
| 245 | 1 | _aBordo de prueba de Zumpango | |
| 260 |
_aMéxico, D. F. : _b(s.e.), _c1968 |
||
| 300 |
_a81 h. _b: ilus. ; planos |
||
| 590 |
_aBATCH-UPD _b10 _c20130110 _lUCH01 _h0059 |
||
| 590 |
_aBATCH-UPD _b10 _c20130110 _lUCH01 _h1318 |
||
| 590 |
_aBATCH-UPD _b10 _c20130409 _lUCH01 _h2048 |
||
| 590 |
_aBATCH-UPD _b10 _c20130410 _lUCH01 _h0829 |
||
| 590 |
_aBATCH-UPD _b10 _c20130914 _lUCH01 _h0309 |
||
| 590 |
_aCONVERSION _b10 _c20130109 _lUCH01 _h1314 |
||
| 650 | 1 | 4 |
_aAgua _xAlmacenamiento. _92279 |
| 650 | 1 | 4 |
_aIngeniería hidráulica _xMéxico. _958248 |
| 650 | 1 | 4 |
_aPresas _xMéxico (Edo.) _991495 |
| 901 | _aBK | ||
| 942 | _cLIBRO | ||
| 949 |
_a628.13 C6 _bBC _cLIBRO _d33724000024766 _eLIBRO _h40206 _i28693 _mD _si |
||
| 999 |
_c23622 _d23622 |
||